书目信息 |
| 题名: |
萧也牧作品选
|
|
| 作者: | 萧也牧 著 ;张羽 , 黄伊 编选 | |
| 分册: | ||
| 出版信息: | 天津 百花文艺出版社 1979 |
|
| 页数: | 376页 | |
| 开本: | 20cm | |
| 丛书名: | ||
| 单 册: | ||
| 中图分类: | I217.2 , I211 | |
| 科图分类: | ||
| 主题词: | 文学--作品--中国--现代--选集 , 文学--作品集--中国 | |
| 电子资源: | ||
| ISBN: | ||
| 000 | 00745nam0 2200277 45 | |
| 001 | 0179000183 | |
| 005 | 20040416092407.3 | |
| 010 | @dCNY0.97 | |
| 091 | @a10151.493 | |
| 100 | @a19950720d1979 em y0chiy0121 ea | |
| 101 | 0 | @achi |
| 102 | @aCN@b120000 | |
| 105 | @af z 000zy | |
| 106 | @ar | |
| 200 | 10 | @a萧也牧作品选@Axiao ye mu zuo pin xuan@f萧也牧著@g张羽,黄伊编选 |
| 210 | @a天津@c百花文艺出版社@d1979 | |
| 215 | @a376页@c插图@d20cm | |
| 606 | @a文学@x作品@y中国@z现代@x选集 | |
| 606 | 0 | @a文学@x作品集@x中国 |
| 690 | @aI217.2@v3 | |
| 690 | @aI211 | |
| 701 | 0 | @a萧也牧@Axiao ye mu@4著 |
| 702 | 0 | @a张羽@Azhang yu@4编选 |
| 702 | 0 | @a黄伊@Ahuang yi@4编选 |
| 801 | 0 | @aCN@bNLC@c20040416 |
| 905 | @f2@b85573-574@dI211@e75 | |
| 萧也牧作品选/萧也牧著/张羽,黄伊编选.-天津:百花文艺出版社,1979 |
| 376页:插图;20cm |
| ISBN :CNY0.97 |
| ● |
| 相关链接 |
|
|
|
|
正题名:萧也牧作品选
索取号:I211/75
 
预约/预借
| 序号 | 登录号 | 条形码 | 馆藏地/架位号 | 状态 | 备注 |
| 1 | 0085571 | 001730620 | 密集书库/ [索取号:I211/75] | 在馆 | |
| 2 | 0085572 | 001730611 | 密集书库/ [索取号:I211/75] | 在馆 | |
| 3 | 0085573 | 000222075 | 第二借阅区/ [索取号:I211/75] | 在馆 | |
| 4 | 0085574 | 000222084 | 第一样本阅览室/ [索取号:I211/75] | 在馆 | |
| 5 | 0085575 | 001730586 | 密集书库/ [索取号:I211/75] | 在馆 | |
| 6 | 8557400 | 222084 | 第二借阅区/ [索取号:I211/75] | 在馆 |